000 00342 a2200157 4500
001 123770
020 _a9782011560551
040 _cEscola Canadense de Niteroi
100 _aMarie-José Lopes
245 1 0 _aTotem 2 : méthode de français A2
300 _bil.
362 0 _a2014
490 0 _aTotem
650 4 _aFrancês
942 _cBK
999 _c123770
_d123770